000
00257nam a22000977a 4500
999
_c
508446
_d
508446
082
_a
A99 B651/IIn2
100
_a
Government of India
_9
3776
245
_a
Netaji Inquiry Committee Report
260
_a
New Delhi
_b
Government of India Press
_c
1956
300
_a
71p.